Программа повышения конкурентоспособности Национального исследовательского Томского политехнического университета среди ведущих мировых научно-образовательных центров; Проблемы геологии и освоения недр; Т. 1
| Источник: | Проблемы геологии и освоения недр: труды XIX Международного симпозиума имени академика М. А. Усова студентов и молодых ученых, посвященного 70-летнему юбилею Победы советского народа над фашистской Германией, Томск, 6-10 апреля 2015 г./ Национальный исследовательский Томский политехнический университет (ТПУ), Институт природных ресурсов (ИПР) ; Общество инженеров-нефтяников, международная некоммерческая организация, Студенческий чаптер ; под ред. А. Ю. Дмитриева.— , 2015 Т. 1.— [С. 28-38] |
|---|---|
| Главный автор: | |
| Корпоративные авторы: | , |
| Примечания: | Заглавие с экрана |
| Язык: | русский |
| Опубликовано: |
|
| Серии: | Пленарные доклады |
| Предметы: | |
| Online-ссылка: | http://earchive.tpu.ru/handle/11683/22756 http://www.lib.tpu.ru/fulltext/c/2015/C11/V1/001.pdf |
| Формат: | Электронный ресурс Статья |
| Запись в KOHA: | https://koha.lib.tpu.ru/cgi-bin/koha/opac-detail.pl?biblionumber=614868 |
MARC
| LEADER | 00000naa2a2200000 4500 | ||
|---|---|---|---|
| 001 | 614868 | ||
| 005 | 20231101132829.0 | ||
| 035 | |a (RuTPU)RU\TPU\conf\13041 | ||
| 035 | |a RU\TPU\conf\5630 | ||
| 090 | |a 614868 | ||
| 100 | |a 20151016d2015 k y0rusy50 ca | ||
| 101 | 0 | |a rus | |
| 102 | |a RU | ||
| 105 | |a y z 100zy | ||
| 135 | |a drcn ---uucaa | ||
| 181 | 0 | |a i | |
| 182 | 0 | |a b | |
| 200 | 1 | |a Программа повышения конкурентоспособности Национального исследовательского Томского политехнического университета среди ведущих мировых научно-образовательных центров |f П. С. Чубик | |
| 203 | |a Текст |c электронный | ||
| 225 | 1 | |a Пленарные доклады | |
| 230 | |a 1 компьютерный файл (pdf; 615 Kb) | ||
| 300 | |a Заглавие с экрана | ||
| 337 | |a Adobe Reader | ||
| 461 | 1 | |0 (RuTPU)RU\TPU\conf\12865 |t Проблемы геологии и освоения недр |o труды XIX Международного симпозиума имени академика М. А. Усова студентов и молодых ученых, посвященного 70-летнему юбилею Победы советского народа над фашистской Германией, Томск, 6-10 апреля 2015 г. |o в 2 т. |f Национальный исследовательский Томский политехнический университет (ТПУ), Институт природных ресурсов (ИПР) ; Общество инженеров-нефтяников, международная некоммерческая организация, Студенческий чаптер ; под ред. А. Ю. Дмитриева |d 2015 | |
| 463 | 1 | |0 (RuTPU)RU\TPU\conf\12868 |t Т. 1 |v [С. 28-38] | |
| 601 | 0 | 2 | |a Национальный исследовательский Томский политехнический университет (ТПУ) |c (2009- ) |2 stltpush |3 (RuTPU)RU\TPU\col\15902 |
| 610 | 1 | |a труды учёных ТПУ | |
| 610 | 1 | |a электронный ресурс | |
| 610 | 1 | |a конкурентоспособность | |
| 610 | 1 | |a научно-образовательные центры | |
| 610 | 1 | |a магистерские программы | |
| 610 | 1 | |a бакалавриат | |
| 610 | 1 | |a оптимизация | |
| 610 | 1 | |a образовательные программы | |
| 610 | 1 | |a электронная среда | |
| 610 | 1 | |a мобильность | |
| 610 | 1 | |a информационные ресурсы | |
| 610 | 1 | |a научно-исследовательская деятельность | |
| 610 | 1 | |a ресурсоэффективные технологии | |
| 700 | 1 | |a Чубик |b П. С. |c российский геолог |c профессор, ректор Томского политехнического университета (с 2008 г.) |f 1954- |g Петр Савельевич |2 stltpush |3 (RuTPU)RU\TPU\pers\24546 | |
| 712 | 0 | 2 | |a Национальный исследовательский Томский политехнический университет (ТПУ) |b Институт природных ресурсов (ИПР) |b Кафедра бурения скважин (БС) |h 256 |2 stltpush |3 (RuTPU)RU\TPU\col\18666 |
| 712 | 0 | 2 | |a Национальный исследовательский Томский политехнический университет (ТПУ) |b Институт социально-гуманитарных технологий (ИСГТ) |b Кафедра организации и технологии высшего профессионального образования (ОТВПО) |h 5535 |2 stltpush |3 (RuTPU)RU\TPU\col\19273 |
| 801 | 2 | |a RU |b 63413507 |c 20210112 |g RCR | |
| 856 | 4 | |u http://earchive.tpu.ru/handle/11683/22756 | |
| 856 | 4 | |u http://www.lib.tpu.ru/fulltext/c/2015/C11/V1/001.pdf | |
| 942 | |c BK | ||